| 000 | 00975nab a22002057a 4500 | ||
|---|---|---|---|
| 999 |
_c5800 _d5800 |
||
| 003 | OSt | ||
| 005 | 20260106204514.0 | ||
| 008 | 190514b xxu||||| |||| 00| 0 spa d | ||
| 040 | _cPJ | ||
| 100 |
_96708 _aLima, Natacha S. |
||
| 245 | 1 | 3 |
_aConsideraciones sobre el doble estándar en los procesos de gestación por sustitución / _cNatacha S. Lima, Lucía Ariza. |
| 300 | _ap. 131-138 | ||
| 505 | _aSumario: I. Introducción.— II. Moverse hacia Buenos Aires: “la meca” de la gestación por sustitución.— III. Mater semper certa est.— IV. ¿La solidaridad como respuesta a la no regulación?— V. Palabras de cierre. | ||
| 505 | _tSi te interesa el texto, comunicate a koha@justierradelfuego.gov.ar | ||
| 650 | 0 |
_9967 _aDERECHO DE FAMILIA |
|
| 650 | 0 |
_94486 _aGESTACION POR SUSTITUCION |
|
| 700 |
_96709 _aAriza, Lucía |
||
| 773 | 0 |
_02844 _93222 _dBuenos Aires : AbeledoPerrot, 1989- _tDerecho de familia. N° 116 - Septiembre 2024 _z18511201 |
|
| 942 |
_2udc _cANA |
||